1532 1360 1262 1477 1532 1186 1658 1244 1779 1880 1786 1899 1993 1684 1055 1016 1805 1212 1262 1416 1675 1985 1506 1637 1255 1108 1132 1494 1565 1476 1783 1208 1871 1654 1110 1928 1673 1119 1140 1464 1272 1436 1580 1529 1107 1766 1498 1477 1395 1501 1200 1291 1341 1052 1166 1877 1089 1844 1243 1814 1377 1241 1554 1243 1849 1454 1173 1924 1156 1997 1493 1762 1186 1252 1977 1781 1646 1229 1741 1147 1217 1640 1347 1906 1539 1827 1775 1614 1192 1391 1933 1523 1194 1777 1224 1525 1527 1833 1727 BCNSPRNW ULIB Ver.6.0+V

เปลี่ยนเป็นภาษาไทย

Change to English
 แสดงรายละเอียดบรรณานุกรม
  กลับหน้าหลัก

Brief Record : Get Marc (ISO 2709) : E-mail record : QR code < ปิดหน้าต่าง
LEADER : 00000nam 2200000uu 4500
001    13399112762
003     ULIB
008    110908s2543||||th 000 0 tha d
020    9748761991
050  4 LB1051^bก825ส ล.3 2543
100 0  เกษม วัฒนชัย
245 10 สู่อนาคตที่ดีกว่า 3/^cโดย เกษม วัฒนชัย
250    พิมพ์ครั้งที่ 1
260    กรุงเทพฯ :^bอู่พิมพ์เดือนเพ็ญ,^c2543
300    94 หน้า
650  4 การปฏิรูปการเรียนรู้
650  4 การปฏิรูปการศึกษา
945    ^p70^l0^i012689
945    ^p70^l0^i012690
945    ^p70^l0^i012691
945    ^p70^l0^i012692
945    ^p70^l0^i012693
945    ^p70^l0^i012694
945    ^p70^l0^i012695
945    ^p70^l0^i012696
945    ^p70^l0^i012697
945    ^p70^l0^i019471
945    ^p70^l0^i019472
945    ^p70^l0^i019473
945    ^p70^l0^i019474
945    ^p70^l0^i019475
945    ^p70^l0^i019476
995    ทศพร
999 ^a ทศพร
รายการนี้ยังไม่มีแท็ก
คุณยังไม่ได้ล็อกอิน คุณสามารถมีกิจกรรมร่วมกับเว็บไซต์ได้ แต่ต้องล็อกอินก่อน ::
  ล็อกอิน

รายการสื่อสารสนเทศ

ลำดับที่ ประเภท เลขเรียก/บาร์โค้ด สถานที่ สถานะ
- ไม่พบข้อมูล -

รายการใกล้เคียง
    หัวเรื่อง [การปฏิรูปการเรียนรู้]
    หัวเรื่อง [การปฏิรูปการศึกษา]

BibComment


ยังไม่เคยถูกคอมเมนท์

คอมเมนท์ทรัพยากรรายการนี้
  คอมเมนท์: สู่อนาคตที่ดีกว่า..


 Copyright 2026. Bcnsprnw @Library